Memoria del Doctorado en Ciencias Físico- matemáticas / (Record no. 60379)

MARC details
000 -LEADER
campo de control de longitud fija 00689nam a2200181 i 4500
001 - NÚMERO DE CONTROL
campo de control 60379
003 - IDENTIFICADOR DE NÚMERO DE CONTROL
campo de control ES-MaACL
005 - FECHA Y HORA DE LA ÚLTIMA TRANSACCIÓN
campo de control 20230906164224.0
007 - CAMPO FIJO DE DESCRIPCIÓN FÍSICA--INFORMACIÓN GENERAL
campo de control de longitud fija t|
008 - DATOS DE LONGITUD FIJA--INFORMACIÓN GENERAL
campo de control de longitud fija 031104s1903 sp ||||1| spa d
100 1# - ENTRADA PRINCIPAL--NOMBRE DE PERSONA
Nombre de persona Espurz Campodarbe, Demetrio.
9 (RLIN) 47956
245 10 - MENCIÓN DEL TÍTULO
Título Memoria del Doctorado en Ciencias Físico- matemáticas /
Mención de responsabilidad, etc. del graduado Demetrio Espurz.
260 ## - PUBLICACIÓN, DISTRIBUCIÓN, ETC.
Lugar de publicación, distribución, etc. Madrid :
Nombre del editor, distribuidor, etc. [s.n.],
Fecha de publicación, distribución, etc. 1903 (
Fabricante Imp. Colonial)
300 ## - DESCRIPCIÓN FÍSICA
Extensión 51 p., [1] h. de lám. ;
Dimensiones 27 cm.
500 ## - NOTA GENERAL
Nota general Tema: Interpretación de las acaiones eléctricas y magnéticas II. Ideas sobre el Eter III. Interpretación de las acciones electromagnéticas.
502 ## - NOTA DE TESIS
Nota de tesis Tesis doctoral.
852 ## - LOCALIZACIÓN
Ubicación ES-MaACL
Número de control de estantería T-1051-F-9
Holdings
Estatus retirado Estado de pérdida Estado de daño No para préstamo Colección Biblioteca de origen Biblioteca actual Ubicación en estantería Fecha de adquisición Fuente de adquisición Total de préstamos Signatura topográfica completa Código de barras Visto por última vez Precio de reemplazo Tipo de ítem Koha
        Colección de folletos Biblioteca del Ateneo de Madrid Biblioteca del Ateneo de Madrid Depósito folletos 17/01/2008     T-1051-F-9 1063328 23/02/2023 23/02/2023 Folleto